00946nam a2200253 i 4500001001000000003000900010005001700019007000300036008004100039040003000080041000800110082002700118100005000145245005600195250002200251264003800273300002800311336002700339337003300366338002800399500007300427500005500500505013700555000038289DO-SdBNP20260514092816.0ta110331s1986 dr 000 0 spa d aDO-SdBNPbspacBNPHUerda aspa 2a923.9 bB171c 19862221 a Balaguer, Joaquín,d1906-2002eautor4aut.10aColón, precursor literario /cJoaquín Balaguer. atercera edición 1aSanto Domingo :bCorripio,c1986. a150 páginas ;c22 cm. atextobtxt2rdacontent asin mediaciónbn2rdamedia avolumenbnc2rdacarrier aIncluye referencias bibliográficas y notas al pie de las páginas aIncluye datos biográficos del autor en la solapa aCristobal Colón 9|El sentimiento de la naturaleza en Colón y en los historiadores de Indias 45|Los dominicos en La Española 69